Los estudios de género en España (una balance) /

Detalles Bibliográficos
Autor principal: García de León, María Antonia
Formato: Libro
Lenguaje:inglés

MARC

LEADER 00000cam a2200000 a 4500
001 040106
003 UAHC_CL
005 20170803124423.0
008 060714b xx j 000 1 eng
040 |a UAHC_CL  |c UAHC_CL  |d UAHC_CL 
100 1 |a García de León, María Antonia 
245 1 4 |a Los estudios de género en España (una balance) /  |c María García. 
500 |a Revista Complutense de Educación. --Vol. 10, Nº2 (1999) pp. 167-187. 
900 |a REV. COMPLUT. EDUC.-02/99 
942 |c BK 
999 |c 40106  |d 40106